| 000 | 00443 a2200157 4500 | ||
|---|---|---|---|
| 003 | OSt | ||
| 005 | 20240905120021.0 | ||
| 008 | 231017b |||||||| |||| 00| 0 eng d | ||
| 040 | _coclc | ||
| 082 |
_a892.7 _bNAZ/A |
||
| 100 |
_aNazar, C H Abdul _99736 |
||
| 245 |
_aAL MUBDIOON AL MUASIROON / _cAbdul Nazar C H |
||
| 260 |
_bAman Publication _c2015. |
||
| 300 | _a416 p | ||
| 942 |
_2ddc _cBK _h892.7 _iNAZ/A _k892.7 _mNAZ/A |
||
| 999 |
_c42733 _d42733 |
||